000 00800nam a2200265 a 4500
008
020 _z9971510235 (pbk.)
049 _aMAIN
090 0 0 _aQP518
_bHAL
100 1 _aHalkerston, Ian D. K.
245 1 0 _aBiochemistry /
_cIan D.K. Halkerston.
250 _a2nd ed.
260 _aNew York :
_bWiley,
_cc1988.
300 _axv, 522 p. :
_bill. ;
_c23 cm.
440 4 _aThe National medical series for independent study.
440 2 _aA Wiley medical publication.
500 _aIncludes index.
650 0 _aBiochemistry
_xOutlines, syllabi, etc.
650 0 _aBiochemistry
_xExaminations, questions, etc.
907 _a.b10103089
_b13-02-09
_c11-12-03
003
005 20230123133544.0
040 _cNUST
942 _cBOOKS
_kQP518
_mHAL
999 _c150636
_d150636